[Event "UZB-ch"]
[Site "Tashkent"]
[Date "2017.06.07"]
[Round "11"]
[White "Shvanov, Georgiy"]
[Black "Nigmatov, Ortik"]
[Result "0-1"]
[WhiteElo "2253"]
[BlackElo "2331"]
[PlyCount "68"]
[EventDate "2017.05.28"]
[EventType "tourn"]
[EventRounds "11"]
[EventCountry "UZB"]
[EventCategory "4"]
[SourceTitle "EXT 2018"]
[Source "ChessBase"]
[SourceDate "2017.10.13"]
[SourceVersion "1"]
[SourceVersionDate "2017.10.13"]
[SourceQuality "1"]

1. e4 c5 2. Nf3 e6 3. d4 cxd4 4. Nxd4 Nf6 5. Nc3 d6 6. g4 e5 7. Nf5 h5 8. Bg5 hxg4 9. Qd3 Nc6 10. 0-0-0 Bxf5 11. exf5 Nd4 12. Qxd4 exd4 13. Bb5+ Nd7 14. Bxd8 Kxd8 15. Rxd4 Ne5 16. Be2 Rh5 17. Bxg4 Nxg4 18. Rxg4 Rxf5 19. Rd1 Rxf2 20. Ne4 Rxh2 21. Nxd6 Bxd6 22. Rxd6+ Ke7 23. Rgd4 g5 24. Rd7+ Kf6 25. Rxb7 Rc8 26. Rdd7 Rf8 27. Kd1 g4 28. Ke1 Rxc2 29. Rxa7 Rxb2 30. a4 Kg6 31. Kf1 Rc8 32. Rac7 Rxc7 33. Rxc7 Ra2 34. Ra7 f5 0-1

[Event "Asia-ch U18"]
[Site "Ulaanbaatar"]
[Date "2016.04.13"]
[Round "8"]
[White "Shvanov, Georgiy"]
[Black "Dulguun, Altankhuyag"]
[Result "1-0"]
[WhiteElo "2148"]
[BlackElo "1595"]
[PlyCount "74"]
[EventDate "2016.04.06"]
[EventType "swiss"]
[EventRounds "9"]
[EventCountry "MGL"]
[SourceTitle "EXT 2017"]
[Source "ChessBase"]
[SourceDate "2016.10.25"]
[SourceVersion "1"]
[SourceVersionDate "2016.10.25"]
[SourceQuality "1"]

1. e4 c5 2. Nf3 d6 3. d4 cxd4 4. Nxd4 Nf6 5. Nc3 g6 6. Be2 Bg7 7. 0-0 0-0 8. Re1 Nc6 9. Nf3 Qb6 10. h3 h6 11. Nd5 Nxd5 12. exd5 Nd4 13. Bd3 e5 14. a4 Nxf3+ 15. Qxf3 f5 16. a5 Qd8 17. Qd1 Qh4 18. Bf1 f4 19. Bd2 h5 20. Bb4 Rf6 21. c4 g5 22. Bxd6 Rxd6 23. c5 Rd8 24. d6 Be6 25. a6 b6 26. c6 g4 27. c7 Rf8 28. d7 gxh3 29. gxh3 Bxd7 30. Qxd7 f3 31. Ra4 Qg3+ 32. Kh1 Qxf2 33. Bc4+ Kh8 34. Rg1 Bh6 35. Bd3 Qg2+ 36. Rxg2 fxg2+ 37. Kxg2 e4 1-0

[Event "Asia-ch U18"]
[Site "Ulaanbaatar"]
[Date "2016.04.07"]
[Round "2"]
[White "Shvanov, Georgiy"]
[Black "Urazayev, Arystanbek"]
[Result "0-1"]
[WhiteElo "2148"]
[BlackElo "2386"]
[PlyCount "80"]
[EventDate "2016.04.06"]
[EventType "swiss"]
[EventRounds "9"]
[EventCountry "MGL"]
[SourceTitle "EXT 2017"]
[Source "ChessBase"]
[SourceDate "2016.10.25"]
[SourceVersion "1"]
[SourceVersionDate "2016.10.25"]
[SourceQuality "1"]

1. e4 e5 2. Nf3 Nc6 3. Bb5 Nge7 4. 0-0 g6 5. c3 a6 6. Ba4 Bg7 7. d4 exd4 8. cxd4 0-0 9. Nc3 b5 10. Bb3 d6 11. h3 Na5 12. Bc2 b4 13. Ne2 c5 14. Bf4 c4 15. Qc1 Rb8 16. Bh6 d5 17. Qf4 Rb6 18. e5 Bf5 19. Bxg7 Kxg7 20. Bxf5 Nxf5 21. Rac1 h6 22. g4 Ne7 23. Ng3 b3 24. axb3 cxb3 25. Kh1 Qc8 26. Rg1 Kh7 27. Kg2 Nc4 28. Qe3 Qc6 29. Qxb3 Qb5 30. Nh5 Rc6 31. Nf6+ Kg7 32. Qa4 Nc8 33. Qa5 Rb6 34. Qb4 Qxb4 35. Rge1 a5 36. Rc3 Rg8 37. Nxg8 Rd6 38. Nh4 a4 39. Nf5+ Kh7 40. Rcc1 g5 0-1

[Event "Izhevsk Corporation Cup 6th"]
[Site "Izhevsk"]
[Date "2014.07.20"]
[Round "8"]
[White "Shvanov, Georgiy"]
[Black "Velichko, Arseny"]
[Result "0-1"]
[WhiteElo "1887"]
[BlackElo "2042"]
[PlyCount "84"]
[EventDate "2014.07.12"]
[EventType "swiss"]
[EventRounds "9"]
[EventCountry "RUS"]
[SourceTitle "CBM 161 Extra"]
[Source "ChessBase"]
[SourceDate "2014.08.29"]
[SourceVersion "1"]
[SourceVersionDate "2014.08.29"]
[SourceQuality "1"]

1. e4 g6 2. d4 Bg7 3. Nf3 c6 4. c4 d5 5. Nc3 dxe4 6. Nxe4 Bg4 7. Be3 Nh6 8. Qd2 Nf5 9. Ne5 Nxe3 10. Qxe3 Qa5+ 11. Nc3 Bxe5 12. dxe5 Nd7 13. f4 Nc5 14. Be2 Bxe2 15. Qxe2 Na4 16. 0-0 Nxc3 17. bxc3 0-0-0 18. Qe3 Qb6 19. c5 Qa6 20. Rfd1 Rxd1+ 21. Rxd1 Qxa2 22. Qd4 Qd5 23. Qxd5 cxd5 24. Kf2 e6 25. Ke3 Kc7 26. Kd4 a5 27. Ra1 Ra8 28. Ra4 h5 29. g3 Kc6 30. c4 dxc4 31. Kxc4 Ra7 32. h3 Ra8 33. g4 h4 34. f5 gxf5 35. gxf5 exf5 36. Kb3 Kxc5 37. Rxh4 Kd5 38. Rh7 a4+ 39. Ka3 b5 40. Rxf7 b4+ 41. Ka2 b3+ 42. Ka3 Rb8 0-1

[Event "Samara Polugaevsky Memorial 4th"]
[Site "Samara"]
[Date "2014.07.09"]
[Round "8"]
[White "Shvanov, Georgiy"]
[Black "Kuzmicheva, Sofja"]
[Result "1/2-1/2"]
[WhiteElo "1887"]
[BlackElo "1659"]
[PlyCount "137"]
[EventDate "2014.07.02"]
[EventType "swiss"]
[EventRounds "9"]
[EventCountry "RUS"]
[SourceTitle "CBM 161 Extra"]
[Source "ChessBase"]
[SourceDate "2014.08.29"]
[SourceVersion "1"]
[SourceVersionDate "2014.08.29"]
[SourceQuality "1"]

1. e4 e6 2. d4 d5 3. Nd2 Nf6 4. e5 Nfd7 5. Bd3 c5 6. c3 Nc6 7. Ne2 Qb6 8. Nf3 Be7 9. 0-0 0-0 10. Nf4 Re8 11. b3 Nf8 12. Be3 cxd4 13. cxd4 Bd7 14. Rc1 Ba3 15. Rb1 Nb4 16. Bc1 Bxc1 17. Rxc1 Nxa2 18. Rc5 Rec8 19. Ng5 h6 20. Ngh3 Rxc5 21. dxc5 Qxc5 22. Nh5 Qc3 23. f4 Ng6 24. Bb1 Qe3+ 25. Kh1 Nc3 26. Qg4 Nxb1 27. Rxb1 Rc8 28. Ng1 Qe4 29. Ra1 a6 30. Nf3 Qf5 31. Qxf5 exf5 32. Nd4 Be6 33. g4 Ne7 34. g5 hxg5 35. fxg5 Rc3 36. Nf4 Nc6 37. Nfxe6 fxe6 38. Nxe6 Rxb3 39. Rd1 Re3 40. Nc5 Rxe5 41. Nxb7 d4 42. g6 Rd5 43. Rc1 Ne7 44. Nc5 d3 45. Nxa6 d2 46. Rd1 Nxg6 47. Nb4 Rd6 48. Nc2 Nf4 49. Ne3 Nd3 50. Rxd2 f4 51. Nc4 Rc6 52. Rxd3 Rxc4 53. Kg2 Kh7 54. Kf3 Kh6 55. Kg4 Rb4 56. Rd6+ g6 57. Rf6 Rb2 58. h4 Rg2+ 59. Kf3 Rg1 60. Rxf4 Kh5 61. Kf2 Rg4 62. Rf8 Rxh4 63. Kg1 Re4 64. Rf3 g5 65. Rf1 Kh4 66. Ra1 Re3 67. Rb1 Kh3 68. Ra1 g4 69. Rb1 1/2-1/2

[Event "Samara Polugaevsky Memorial 4th"]
[Site "Samara"]
[Date "2014.07.06"]
[Round "5"]
[White "Ovchinnikov, Vsevolod"]
[Black "Shvanov, Georgiy"]
[Result "1-0"]
[WhiteElo "2147"]
[BlackElo "1887"]
[PlyCount "37"]
[EventDate "2014.07.02"]
[EventType "swiss"]
[EventRounds "9"]
[EventCountry "RUS"]
[SourceTitle "CBM 161 Extra"]
[Source "ChessBase"]
[SourceDate "2014.08.29"]
[SourceVersion "1"]
[SourceVersionDate "2014.08.29"]
[SourceQuality "1"]

1. d4 Nf6 2. c4 g6 3. Nc3 d5 4. cxd5 Nxd5 5. e4 Nxc3 6. bxc3 Bg7 7. Bc4 c5 8. Ne2 Nc6 9. Be3 0-0 10. Rc1 Qc7 11. h4 h5 12. Qd2 Rd8 13. f3 Ne5 14. Bf4 Qb6 15. Bxe5 Bxe5 16. Qg5 cxd4 17. Qxe5 d3 18. Nd4 Qb2 19. 0-0 1-0